书目信息 |
| 题名: |
严文井童话寓言集
|
|
| 作者: | 严文井 著 | |
| 分册: | ||
| 出版信息: | 北京 人民文学出版社 1982.5 |
|
| 页数: | 386页 | |
| 开本: | 20cm | |
| 丛书名: | ||
| 单 册: | ||
| 中图分类: | I287.7 | |
| 科图分类: | ||
| 主题词: | 儿童文学--中国 , 儿童文学--中国--丛书 | |
| 电子资源: | ||
| ISBN: | ||
| 000 | 00566nam0 2200205 45 | |
| 001 | 0312221749 | |
| 005 | 20060819090942.51 | |
| 010 | @dCNY1.30 | |
| 091 | @a10019.3301 | |
| 100 | @a20031222d1982 km y0chiy0120 ea | |
| 101 | @achi | |
| 200 | 1 | @a严文井童话寓言集@AYan Wen Jing Tong Hua Yu Yan Ji@f严文井著@FYan Wen Jing Zhu |
| 210 | @a北京@c人民文学出版社@d1982.5 | |
| 215 | @a386页@d20cm | |
| 606 | 0 | @a儿童文学@x中国 |
| 606 | 0 | @a儿童文学@x中国@x丛书 |
| 690 | @aI287.7@v3 | |
| 701 | 0 | @a严文井@4著 |
| 801 | @aCN@bTSTCL@c20060819 | |
| 905 | @dI287.7@e125@f1@b105247 | |
| 严文井童话寓言集/严文井著.-北京:人民文学出版社,1982.5 |
| 386页;20cm |
| ISBN :CNY1.30 |
| ● |
| 相关链接 |
|
|
|
|
正题名:严文井童话寓言集
索取号:I287.7/125
 
预约/预借
| 序号 | 登录号 | 条形码 | 馆藏地/架位号 | 状态 | 备注 |
| 1 | 0105247 | 000894081 | 第二借阅区/ [索取号:I287.7/125] | 在馆 | |
| 2 | 0420366 | 204203664 | 密集书库/ [索取号:I287.7/125] | 在馆 | |
| 3 | 0469771 | 204697710 | 密集书库/ [索取号:I287.7/125] | 在馆 |